000 00297nam a22001337a 4500
008 260428b ||||| |||| 00| 0 eng d
020 _a9951050298
041 _aShqip
080 _a821.1
100 _a20
101 _aroman
245 _aShtëpia në Udhëkryq
_cAgim Gjakova
942 _2udc
_cBK
999 _c61012
_d61012